The Kamil of El-Mubarrad /

Saved in:

Main Author: Mubarrad, Muḥammad ibn Yazīd, -898 (Author)

Other Authors: Wright, William, 1830-1889.

Format: Book

Language: Arabic
English

Published: Leipzig : G. Kreysing, 1866.

Subjects:

Tags: Add Tag

No Tags, Be the first to tag this record!

Call Number: ( R )PJ7528 .M8 1866 v.2

LEADER 00963nam a2200241Ia 4500
003 OSt
005 20260602090212.0
008 130303s1866 gw 001 0 ara d
040 |c ARCE Library 
041 1 |a ara  |a eng 
050 4 |a ( R )PJ7528 .M8 1866 v.2 
100 1 |6 880-01  |a Mubarrad, Muḥammad ibn Yazīd,  |d -898,  |e author  |9 36336 
245 1 4 |a The Kamil of El-Mubarrad /  |c edited by William Wright. 
264 1 |a Leipzig :  |b G. Kreysing,  |c 1866. 
300 |a volume <2> ;   |c 24 cm. 
500 |a Includes indexes. 
546 |a In Arabic; introduction in English. 
650 0 |a Arabic literature  |x History and criticism  |v Early works to 1800. 
700 1 |a Wright, William,  |d 1830-1889. 
880 1 |6 100-01/(3/r  |a مبرد، محمد بن يزيد،‪‪‪‪‪‪‪‪‪‪‪‪‪‪‪‪‪‪‪‪‪‪‪‪‪‪‪‪‪‪‪‪‪‪‪‪‪‪‪‪‪‪‪‪‪‪‪‪‪‪  |d -898. 
901 |a reviewed 
942 |c BK  |2 lcc 
999 |c 27369  |d 27369